| 000 | 00531nam a2200181Ia 4500 | ||
|---|---|---|---|
| 005 | 20250326125218.0 | ||
| 008 | 250326s9999 xx 000 0 und d | ||
| 037 | _aTextbook | ||
| 040 |
_aFMSL _beng _cFMSL |
||
| 041 |
_aeng _2eng |
||
| 084 |
_aX:513 L83 _qFMSL |
||
| 100 |
_aWilliamson J _9737226 |
||
| 245 | 0 |
_aDecoding advertisements ideology and meaning in advertising _cWilliamson J |
|
| 260 |
_aLondon _bLondon, Marion Boyars _c1978 |
||
| 300 | _a180p | ||
| 942 |
_cTB _hX:513 L83 |
||
| 999 |
_c1277034 _d1277034 |
||